[Event "IND-ch Women 2019"]
[Site "Karaikkudi"]
[Date "2019.07.27"]
[Round "11.17"]
[White "Divyabharathi Masanam"]
[Black "Parnali, S Dharia"]
[Result "1-0"]
[WhiteElo "1730"]
[BlackElo "2145"]
[Annotator "TA"]
[PlyCount "111"]
[EventDate "2019.07.19"]
[EventType "swiss"]
[EventCountry "IND"]
[SourceTitle "playchess.com"]
[Source "ChessBase"]
[SourceQuality "1"]

{[%evp 26,111,0,12,50,58,52,51,64,55,64,53,141,151,177,169,208,206,212,202,213,175,174,177,173,173,178,175,175,150,170,95,156,93,93,89,85,79,178,0,0,0,0,0,0,0,0,0,0,0,0,0,0,0,0,0,343,273,335,339,352,304,671,562,1572,1406,1910,1877,1763,1705,1744,1778,29978,29979,29984,29985,29985,29986,29986,29987,29986,29982,29989,29990,29990,29991,29991,29991]} 1. e4 e5 2. Nf3 Nc6 3. Bc4 Nf6 4. Ng5 d5 5. exd5 Na5 6. Bb5+ c6 7. dxc6 bxc6 8. Be2 h6 9. Nf3 e4 10. Ne5 Qc7 11. d4 exd3 12. Nxd3 Bd6 13. h3 O-O 14. O-O Ba6 {C59: Two Knights: 4 Ng5 d5 5 exd5 Na5 5 Bb5+ c6 6 dxc6 bxc6 7 Be2} (14... c5 15. b3 c4 16. bxc4 Nxc4 17. Nd2 Nxd2 18. Bxd2 Bf5 19. Bf3 Rac8 20. Re1 Rfd8 21. a4 Qxc2 22. Nb4 Qb2 {0-1 (30) Zeng,C (2535)-Harikrishna,P (2729) China 2018}) 15. b3 Rad8 16. Bb2 Ne4 {White is slightly better.} 17. Nd2 $146 ({Predecessor:} 17. Nc3 f5 18. Qe1 Rfe8 19. Nxe4 Rxe4 20. Qd1 c5 21. c4 Nc6 22. Qc2 Nd4 23. Bxd4 Rxd4 {1-0 (47) Pilgaard,K (2437)-Outerelo Ucha,M (2181) Poio 2002}) 17... f5 18. c4 Bf4 (18... c5 $14) 19. Nf3 $16 Rfe8 20. Qc2 c5 21. Nxf4 Qxf4 22. Rad1 Nc6 23. a3 Bb7 24. Rxd8 Rxd8 25. Rd1 Nd4 26. Bxd4 cxd4 27. c5 Nc3 28. Re1 (28. Bc4+ $1 $18 Kh7 29. Rxd4 $1 {[%mdl 576] Deflection} Rxd4 30. Nxd4 Qxd4 31. Qxf5+ g6 32. Qf7+ Qg7 33. Qe8) 28... Be4 (28... Kf8 $142) 29. Qd2 ({Better is} 29. Bc4+ Kh7 30. Qd2) 29... Nxe2+ 30. Rxe2 Qc7 31. b4 Qc6 {[#]} (31... d3 $16 {is a better defense.} 32. Re1 Bxf3 33. gxf3 Qc6) 32. Nxd4 $2 ({White should try} 32. Ne1 $1 $18) 32... Qf6 $1 $36 {[%mdl 2048] Black has good play.} 33. Qa2+ Kh8 34. Nf3 Bxf3 $1 35. gxf3 {[%mdl 4096] Endgame aiming for Qc2. KQR-KQR} Rd1+ 36. Kh2 {Hoping for Re8+.} Qg6 {[%csl Gd1][%cal Rg6g1]} 37. h4 Qg1+ (37... Qh5 $5 38. Kg2 $8 Qg6+ 39. Kh2 Qg1+ 40. Kh3 Qh1+ {[%mdl 64] Double Attack} 41. Kg3 Qg1+ 42. Kh3 Qh1+ {[%mdl 64] Double Attack} 43. Kg3 Qg1+ 44. Kh3 $11) 38. Kh3 Qh1+ {[%mdl 64] Double Attack} 39. Kg3 f4+ 40. Kg4 {Intending Re8+ and mate.} h5+ $2 {[%mdl 8192]} (40... Qg2+ $1 $11 {and Black has nothing to worry.} 41. Kf5 Rd8) 41. Kg5 Rg1+ 42. Kf5 Qh3+ 43. Ke5 Qxf3 $2 (43... Rd1 44. c6 Qxh4) 44. Kd6 $18 {And now Re8+ would win.} Rd1+ {[#]} 45. Kc7 $1 {Re8+ would kill now.} Qa8 46. Rd2 Rxd2 47. Qxd2 {KQ-KQ} Qe4 48. c6 f3 49. Qd6 {White mates.} Qe2 50. Kb8 Kh7 51. c7 Qb5+ 52. Kxa7 Qa4+ 53. Kb6 Qc2 {[#]} 54. Qc5 $1 Qg6+ 55. Qc6 Qg2 56. Qe4+ {Accuracy: White = 78%, Black = 39%.} 1-0

[Event "IND-ch Women 2019"]
[Site "Karaikkudi"]
[Date "2019.07.27"]
[Round "11.18"]
[White "Meenal Gupta"]
[Black "Sunyuktha C M N"]
[Result "0-1"]
[WhiteElo "2004"]
[BlackElo "1815"]
[Annotator "NA RC"]
[PlyCount "68"]
[EventDate "2019.07.19"]
[EventType "swiss"]
[EventCountry "IND"]
[SourceTitle "playchess.com"]
[Source "ChessBase"]
[SourceQuality "1"]
[TimeControl "40/5400+30:1800+30"]

1. e4 {[%emt 0:00:00]} c5 {[%emt 0:00:00]} 2. Nf3 {[%emt 0:00:00]} d6 {[%emt 0:00:00]} 3. d4 {[%emt 0:00:00]} cxd4 {[%emt 0:00:00]} 4. Nxd4 {[%emt 0:00:00]} Nf6 {[%emt 0:00:00]} 5. Nc3 {[%emt 0:00:02]} a6 {[%emt 0:00:03]} 6. Be3 {[%emt 0:00:05]} e5 {[%emt 0:00:19]} 7. Nb3 {[%emt 0:00:03]} Be6 {[%emt 0:00:08]} 8. f3 {[%emt 0:00:05]} Be7 {[%emt 0:00:48]} 9. Qd2 {[%emt 0:00:07]} O-O {[%emt 0:00:24]} 10. O-O-O {[%emt 0:00:09]} Nbd7 {[%emt 0:00:41]} 11. g4 {[%emt 0:00:14]} b5 {[%emt 0:00:09]} 12. g5 {[%emt 0:00:30]} Nh5 {[%emt 0:00:21]} 13. Rg1 {[%emt 0:12:16]} Nb6 $11 {[%emt 0:17:05]} 14. Nd5 {[%emt 0:20:54]} Bxd5 {[%emt 0:07:25]} 15. exd5 {[%emt 0:00:03]} Rc8 {[%emt 0:06:53]} 16. Na5 {[%emt 0:12:12]} Nxd5 {[%emt 0:10:19]} 17. Qxd5 {[%emt 0:00:02]} Qxa5 {[%emt 0:00:05]} 18. Bd3 {[%emt 0:00:26]} g6 {[%emt 0:02:53]} 19. Rdf1 {[%emt 0:01:04]} Qc7 {[%emt 0:23:22]} 20. Kb1 {[%emt 0:04:38]} Qd7 {[%emt 0:13:02]} 21. a4 {[%emt 0:02:52]} bxa4 {[%emt 0:06:39]} 22. Bxa6 {[%emt 0:00:09]} Rb8 {[%emt 0:00:38]} 23. Rg4 {[%emt 0:00:43]} Ng7 {[%emt 0:06:39]} 24. Qa5 {[%emt 0:04:12]} Nf5 {[%emt 0:01:33]} 25. Bf2 {[%emt 0:00:27]} Ra8 {[%emt 0:01:39]} 26. Qxa4 {[%emt 0:01:53]} Qe6 {[%emt 0:00:31]} 27. Qc6 {[%emt 0:00:51]} Rfb8 {[%emt 0:00:53]} 28. Bc4 {[%emt 0:01:17]} Qc8 {[%emt 0:00:29]} 29. Qd5 {[%emt 0:00:06]} Qe8 {[%emt 0:00:45]} 30. f4 {[%emt 0:01:51]} exf4 {[%emt 0:00:39]} 31. Rxf4 {[%emt 0:00:02]} Qa4 {[%emt 0:00:30]} 32. Ba7 {[%emt 0:08:11]} Qxa7 {[%emt 0:00:30]} 33. Qxf7+ {[%emt 0:00:06]} Kh8 {[%emt 0:00:01]} 34. Ba2 {[%emt 0:00:11]} Qa3 {[%emt 0:00:48]} 0-1

[Event "IND-ch Women 2019"]
[Site "Karaikkudi"]
[Date "2019.07.27"]
[Round "11.19"]
[White "Saranya, J."]
[Black "Abhirami Madabushi"]
[Result "1-0"]
[WhiteElo "2067"]
[BlackElo "1689"]
[Annotator "NA RC"]
[PlyCount "75"]
[EventDate "2019.07.19"]
[EventType "swiss"]
[EventCountry "IND"]
[SourceTitle "playchess.com"]
[Source "ChessBase"]
[SourceQuality "1"]
[TimeControl "40/5400+30:1800+30"]

1. e4 {[%emt 1:30:30]} e5 {[%emt 1:30:30]} 2. Nf3 {[%emt 0:00:30]} Nf6 {[%emt 0:00:30]} 3. Nxe5 {[%emt 0:00:30]} d6 {[%emt 0:00:30]} 4. Nf3 {[%emt 0:00:30]} Nxe4 {[%emt 0:00:30]} 5. d4 {[%emt 0:00:30]} d5 {[%emt 0:00:30]} 6. Bd3 {[%emt 0:00:30]} Be7 {[%emt 0:00:30]} 7. c4 {[%emt 0:00:30]} Bb4+ {[%emt 0:00:30]} 8. Nbd2 {[%emt 0:00:30]} Nxd2 {[%emt 0:00:30]} 9. Bxd2 {[%emt 0:00:30]} Qe7+ {[%emt 0:00:30]} 10. Be2 {[%emt 0:00:30]} Bxd2+ {[%emt 0:00:30]} 11. Qxd2 {[%emt 0:00:30]} Be6 {[%emt 0:00:30]} 12. O-O {[%emt 0:00:30]} Nc6 $14 {[%emt 0:00:30]} 13. c5 {[%emt 0:00:30]} O-O {[%emt 0:00:30]} 14. Rfe1 {[%emt 0:00:30]} Qf6 {[%emt 0:00:30]} 15. Bb5 {[%emt 0:00:30]} Ne7 {[%emt 0:00:30]} 16. Ne5 {[%emt 0:00:30]} c6 {[%emt 0:00:30]} 17. Bd3 {[%emt 0:00:30]} Ng6 {[%emt 0:00:30]} 18. g3 {[%emt 0:00:30]} Bf5 {[%emt 0:00:30]} 19. f4 {[%emt 0:00:30]} Rfe8 {[%emt 0:00:30]} 20. Re2 {[%emt 0:00:30]} h5 {[%emt 0:00:30]} 21. Rae1 {[%emt 0:00:30]} h4 {[%emt 0:00:30]} 22. b4 {[%emt 0:00:30]} Re6 {[%emt 0:00:30]} 23. Rf2 {[%emt 0:00:30]} hxg3 {[%emt 0:00:30]} 24. hxg3 {[%emt 0:00:30]} Rae8 {[%emt 0:00:30]} 25. Ref1 {[%emt 0:00:30]} Be4 {[%emt 0:00:30]} 26. Bxe4 {[%emt 0:00:30]} dxe4 27. Qe3 {[%emt 0:00:00]} Ne7 {[%emt 0:00:00]} 28. g4 {[%emt 0:00:00]} Nd5 {[%emt 0:00:00]} 29. Qxe4 {[%emt 0:00:00]} Qh4 {[%emt 0:00:00]} 30. Rh2 {[%emt 0:00:00]} Qg3+ {[%emt 0:00:00]} 31. Kh1 {[%emt 0:00:00]} Rh6 {[%emt 0:00:00]} 32. Rxh6 {[%emt 0:00:00]} gxh6 {[%emt 0:00:00]} 33. Rf3 {[%emt 0:00:00]} Qh4+ {[%emt 0:00:00]} 34. Kg2 {[%emt 0:00:00]} Kg7 {[%emt 0:00:00]} 35. a3 {[%emt 0:03:20]} Nf6 {[%emt 0:00:00]} 36. Qe2 {[%emt 0:00:32]} Nxg4 {[%emt 0:00:00]} 37. Rh3 {[%emt 0:00:36]} Rxe5 {[%emt 0:00:00]} 38. dxe5 {[%emt 0:00:32]} 1-0

[Event "IND-ch Women 2019"]
[Site "Karaikkudi"]
[Date "2019.07.27"]
[Round "11.20"]
[White "Meghna, C H"]
[Black "Rindhiya V"]
[Result "1-0"]
[WhiteElo "1903"]
[BlackElo "1573"]
[Annotator "NA RC"]
[PlyCount "73"]
[EventDate "2019.07.19"]
[EventType "swiss"]
[EventCountry "IND"]
[SourceTitle "playchess.com"]
[Source "ChessBase"]
[SourceQuality "1"]
[TimeControl "40/5400+30:1800+30"]

1. e4 {[%emt 0:00:00]} e5 {[%emt 0:00:00]} 2. Nf3 {[%emt 0:00:00]} Nc6 {[%emt 0:00:00]} 3. Bc4 {[%emt 0:00:00]} Bc5 {[%emt 0:00:00]} 4. c3 {[%emt 0:00:00]} Nf6 {[%emt 0:00:00]} 5. d3 {[%emt 0:00:10]} d6 {[%emt 0:00:00]} 6. Bb3 {[%emt 0:00:24]} a6 {[%emt 0:00:01]} 7. h3 {[%emt 0:00:23]} h6 {[%emt 0:00:10]} 8. Nbd2 {[%emt 0:01:11]} O-O {[%emt 0:00:06]} 9. Nf1 {[%emt 0:10:22]} Be6 {[%emt 0:00:21]} 10. Ng3 {[%emt 0:00:42]} Ne7 {[%emt 0:09:27]} 11. O-O {[%emt 0:00:43]} Ng6 {[%emt 0:00:46]} 12. d4 {[%emt 0:04:10]} Ba7 $14 {[%emt 0:00:36]} 13. Bc2 {[%emt 0:16:18]} c5 {[%emt 0:21:17]} 14. d5 {[%emt 0:08:07]} Bd7 {[%emt 0:01:25]} 15. c4 {[%emt 0:00:06]} b5 {[%emt 0:00:18]} 16. b3 {[%emt 0:00:14]} a5 {[%emt 0:03:22]} 17. a4 {[%emt 0:02:23]} bxc4 {[%emt 0:00:22]} 18. bxc4 {[%emt 0:00:04]} Qc7 {[%emt 0:05:20]} 19. Nh2 {[%emt 0:03:30]} Rab8 {[%emt 0:09:29]} 20. f4 {[%emt 0:03:00]} exf4 {[%emt 0:01:59]} 21. Bxf4 {[%emt 0:00:54]} Nxf4 {[%emt 0:00:54]} 22. Rxf4 {[%emt 0:00:01]} Rb4 {[%emt 0:01:30]} 23. Qd3 {[%emt 0:28:45]} Re8 {[%emt 0:09:46]} 24. Nf3 {[%emt 0:04:48]} Qd8 {[%emt 0:02:30]} 25. Qc3 {[%emt 0:08:42]} Bc8 {[%emt 0:04:59]} 26. Rf1 {[%emt 0:03:50]} Qe7 {[%emt 0:02:24]} 27. Nh4 {[%emt 0:02:12]} Qe5 {[%emt 0:02:11]} 28. Qf3 {[%emt 0:01:01]} Rxc4 {[%emt 0:00:39]} 29. Ngf5 {[%emt 0:01:42]} Rxc2 {[%emt 0:06:12]} 30. Nxg7 {[%emt 0:00:05]} c4+ {[%emt 0:06:47]} 31. Kh1 {[%emt 0:00:01]} Rc3 {[%emt 0:10:41]} 32. Nxe8 {[%emt 0:00:09]} Nxe8 {[%emt 0:00:53]} 33. Qe2 {[%emt 0:00:56]} Be3 {[%emt 0:01:31]} 34. Rxf7 {[%emt 0:00:56]} Bg5 {[%emt 0:00:32]} 35. Qh5 {[%emt 0:01:06]} Ng7 {[%emt 0:00:30]} 36. Rf8+ {[%emt 0:00:09]} Kh7 {[%emt 0:00:01]} 37. Qg6# {[%emt 0:00:05]} 1-0

[Event "IND-ch Women 2019"]
[Site "Karaikkudi"]
[Date "2019.07.27"]
[Round "11.21"]
[White "Shriya R Revankar"]
[Black "Shetye, Siddhali"]
[Result "1-0"]
[WhiteElo "1627"]
[BlackElo "1837"]
[Annotator "NA RC"]
[PlyCount "153"]
[EventDate "2019.07.19"]
[EventType "swiss"]
[EventCountry "IND"]
[SourceTitle "playchess.com"]
[Source "ChessBase"]
[SourceQuality "1"]
[TimeControl "40/5400+30:1800+30"]

1. e4 {[%emt 0:00:00]} e5 {[%emt 0:00:00]} 2. Nf3 {[%emt 0:00:00]} Nc6 {[%emt 0:00:00]} 3. Bb5 {[%emt 0:00:00]} a6 {[%emt 0:00:00]} 4. Ba4 {[%emt 0:00:00]} Nf6 {[%emt 0:00:00]} 5. d3 {[%emt 0:00:20]} b5 {[%emt 0:00:13]} 6. Bb3 {[%emt 0:00:04]} Bc5 {[%emt 0:00:13]} 7. Nc3 {[%emt 0:01:22]} h6 {[%emt 0:02:06]} 8. Nd5 {[%emt 0:00:32]} d6 {[%emt 0:05:00]} 9. c3 {[%emt 0:00:21]} Nxd5 {[%emt 0:11:59]} 10. Bxd5 {[%emt 0:04:39]} Bb7 $14 {[%emt 0:07:53]} 11. b4 {[%emt 0:04:38]} Bb6 {[%emt 0:03:07]} 12. a4 {[%emt 0:00:41]} Rb8 {[%emt 0:05:52]} 13. Be3 {[%emt 0:05:28]} Ne7 {[%emt 0:12:02]} 14. Bxb7 {[%emt 0:05:27]} Rxb7 {[%emt 0:01:22]} 15. O-O {[%emt 0:01:51]} O-O {[%emt 0:04:00]} 16. a5 {[%emt 0:01:52]} Bxe3 {[%emt 0:02:04]} 17. fxe3 {[%emt 0:00:05]} Ng6 {[%emt 0:01:06]} 18. d4 {[%emt 0:03:06]} Qe7 {[%emt 0:07:27]} 19. dxe5 {[%emt 0:09:06]} Nxe5 {[%emt 0:04:45]} 20. Nxe5 {[%emt 0:00:10]} Qxe5 {[%emt 0:01:11]} 21. Qd5 {[%emt 0:00:29]} Qxd5 {[%emt 0:01:31]} 22. exd5 {[%emt 0:00:06]} Re8 {[%emt 0:00:11]} 23. Kf2 {[%emt 0:02:25]} Re5 {[%emt 0:00:40]} 24. Rfd1 {[%emt 0:00:20]} Rb8 {[%emt 0:00:45]} 25. Rd4 {[%emt 0:04:13]} Rbe8 {[%emt 0:10:26]} 26. Re1 {[%emt 0:01:10]} R8e7 {[%emt 0:04:45]} 27. c4 {[%emt 0:10:03]} bxc4 {[%emt 0:02:32]} 28. Rxc4 {[%emt 0:00:08]} Rxd5 {[%emt 0:02:25]} 29. Rc6 {[%emt 0:00:19]} Re4 {[%emt 0:03:33]} 30. Rb1 {[%emt 0:00:34]} Rb5 {[%emt 0:02:57]} 31. Rxc7 {[%emt 0:00:16]} Rexb4 {[%emt 0:01:38]} 32. Rxb4 {[%emt 0:00:05]} Rxb4 {[%emt 0:00:06]} 33. Rc8+ {[%emt 0:00:37]} Kh7 {[%emt 0:00:07]} 34. Rc6 {[%emt 0:00:07]} Ra4 {[%emt 0:00:44]} 35. Rxa6 {[%emt 0:00:06]} f6 {[%emt 0:00:31]} 36. Ra8 {[%emt 0:01:10]} Kg6 {[%emt 0:01:19]} 37. a6 {[%emt 0:00:16]} d5 {[%emt 0:01:02]} 38. a7 {[%emt 0:00:35]} Kh7 {[%emt 0:01:21]} 39. Ke2 {[%emt 0:03:07]} Ra3 {[%emt 0:01:14]} 40. Kd2 {[%emt 0:00:00]} Ra2+ {[%emt 0:00:00]} 41. Kc3 {[%emt 0:02:21]} Ra4 {[%emt 0:01:29]} 42. Kb3 {[%emt 0:00:44]} Ra1 {[%emt 0:02:15]} 43. Kb4 {[%emt 0:00:17]} Ra2 {[%emt 0:00:33]} 44. Kc5 {[%emt 0:00:08]} Rc2+ {[%emt 0:00:55]} 45. Kxd5 {[%emt 0:02:21]} Ra2 {[%emt 0:01:20]} 46. g4 {[%emt 0:02:00]} Ra1 {[%emt 0:04:10]} 47. Ke4 {[%emt 0:01:59]} Ra5 {[%emt 0:00:09]} 48. h4 {[%emt 0:00:17]} Kg6 {[%emt 0:02:42]} 49. Kf4 {[%emt 0:00:34]} Ra4+ {[%emt 0:04:12]} 50. e4 {[%emt 0:00:52]} Ra5 {[%emt 0:00:39]} 51. Ke3 {[%emt 0:02:30]} Ra4 {[%emt 0:00:19]} 52. Kd3 {[%emt 0:00:11]} Ra1 {[%emt 0:00:39]} 53. Kc4 {[%emt 0:00:45]} Rc1+ {[%emt 0:00:12]} 54. Kd5 {[%emt 0:00:15]} Ra1 {[%emt 0:00:32]} 55. Ke6 {[%emt 0:00:32]} Ra6+ {[%emt 0:00:35]} 56. Ke7 {[%emt 0:00:42]} Ra4 {[%emt 0:00:52]} 57. Kf8 {[%emt 0:01:22]} Ra6 {[%emt 0:04:12]} 58. Kg8 {[%emt 0:00:23]} h5 {[%emt 0:03:21]} 59. gxh5+ {[%emt 0:00:25]} Kh6 {[%emt 0:00:09]} 60. Kf7 {[%emt 0:00:20]} Kh7 {[%emt 0:00:07]} 61. h6 {[%emt 0:00:49]} g6 {[%emt 0:07:54]} 62. Re8 {[%emt 0:00:50]} Rxa7+ {[%emt 0:00:33]} 63. Kxf6 {[%emt 0:00:08]} Ra4 {[%emt 0:00:49]} 64. Kg5 {[%emt 0:00:48]} Ra7 {[%emt 0:00:56]} 65. e5 {[%emt 0:01:21]} Rf7 {[%emt 0:00:54]} 66. e6 {[%emt 0:01:37]} Rf5+ {[%emt 0:00:01]} 67. Kg4 {[%emt 0:00:06]} Re5 {[%emt 0:00:24]} 68. Kf4 {[%emt 0:12:33]} Re1 {[%emt 0:00:20]} 69. Kg5 {[%emt 0:00:12]} Rg1+ {[%emt 0:01:35]} 70. Kf6 {[%emt 0:00:10]} Rf1+ {[%emt 0:00:04]} 71. Ke7 {[%emt 0:01:18]} Kxh6 {[%emt 0:00:49]} 72. Rf8 {[%emt 0:00:08]} Ra1 {[%emt 0:01:08]} 73. Kf7 {[%emt 0:00:17]} Rf1+ {[%emt 0:01:08]} 74. Ke8 {[%emt 0:00:11]} Re1 {[%emt 0:00:08]} 75. e7 {[%emt 0:00:09]} Kg7 {[%emt 0:00:22]} 76. Kd7 {[%emt 0:00:33]} Rd1+ {[%emt 0:00:29]} 77. Kc6 {[%emt 0:00:06]} 1-0